NFL Wide Receivers Easy to Hard 2026 - Statistics

General Stats
  • This quiz has been taken 39 times
  • The average score is 8 of 17
Answer Stats
Hint Answer % Correct
Lions Amon-Ra St. Brown
100%
Bengals Ja'Marr Chase
100%
Seahawks Jaxon Smith-Njigba
100%
Vikings Justin Jefferson
100%
Rams Puka Nacua
100%
Bills DJ Moore
86%
Giants Malik Nabers
51%
Broncos Jaylen Waddle
43%
Bears Rome Odunze
29%
49ers Ricky Pearsall
20%
Steelers Michael Pittman Jr.
17%
Chiefs Xavier Worthy
14%
Raiders Jack Bech
11%
Jaguars Parker Washington
11%
Browns Cedric Tillman
6%
Dolphins Jalen Tolbert
3%
Commanders Treylon Burks
0%
No matching quizzes found
Score Distribution
Percent of People with Each Score
Percentile by Number Answered
Your Score History
You have not taken this quiz